| 000 | 00396nam a22001577a 4500 | ||
|---|---|---|---|
| 003 | NUST - PNEC | ||
| 005 | 20170116180930.0 | ||
| 008 | 150905b xxu||||| |||| 00| 0 eng d | ||
| 020 | _a0133201694 | ||
| 040 | _cLIBRARY | ||
| 082 | _a621.31042 HAR | ||
| 100 |
_98166 _aHarter, James |
||
| 245 |
_aElectromechanics _cJames Harter |
||
| 650 |
_98165 _aMechanical Engineering _xME |
||
| 942 |
_2ddc _cBK |
||
| 999 |
_c65864 _d65864 |
||